| 000 | 00542nam a22001817a 4500 | ||
|---|---|---|---|
| 005 | 20250522163440.0 | ||
| 010 | _aENG-144985 | ||
| 020 |
_a9789391399955 _c599.00 |
||
| 035 | _aEN-128517 | ||
| 037 | _bDBAD | ||
| 082 |
_a280.21 _21 |
||
| 245 |
_aThe Holy Bible: _bEpistles/ |
||
| 260 |
_aBengaluru _bATC Publishers _c2017 |
||
| 270 |
_a9/12-1, 1st Floor, Lloyd's Road Cooke Town _bBengaluru _e560005 _madmin@atcpublishers.com |
||
| 300 |
_a313p _c28cm(hb) |
||
| 500 | _aFor Liturgical Use | ||
| 942 |
_2ddc _cEN _mHOL _h280.21 |
||
| 999 |
_c211388 _d211388 |
||